|
|
|
|
| LEADER |
00000cam a2200000 a 4500 |
| 001 |
UCC4525 |
| 003 |
CL-VaPUC |
| 008 |
180810e20050000cl |||||||||||||||||spa|d |
| 020 |
|
|
|a 9568465022
|
| 082 |
0 |
4 |
|a Ch861.9
|b MIS
|2 21
|
| 245 |
1 |
0 |
|a Gabriela Mistral y el Brasil
|
| 250 |
|
|
|a 1a. ed
|
| 300 |
|
|
|a 66 p
|
| 942 |
|
|
|c BK
|
| 945 |
|
|
|d 20180810 15:16:00
|a dcastane
|
| 260 |
|
|
|a Santiago
|b Lom
|c 2005
|
| 650 |
|
0 |
|a Poesía chilena
|9 268403
|
| 650 |
|
0 |
|a Prosa chilena
|9 267787
|
| 650 |
|
0 |
|a Poetas chilenos
|9 326722
|
| 583 |
|
|
|a last modification
|c 20180810 15:16:00
|k Rodrigo Vera
|
| 999 |
|
|
|c 372019
|d 372017
|
| 952 |
|
|
|0 0
|1 0
|3 erb
|4 0
|6 CH_861_900000000000000_MIS_2005
|7 0
|8 A
|9 489239
|a BIBEDU
|b BIBEDU
|i 5486505
|o Ch861.9 MIS 2005
|p 5486505
|r 2019-11-24
|w 2019-11-24
|y BK
|z Catalogado en:20180810
|k LIT
|